000 00558nam a2200205Ia 4500
005 20230104101144.0
008 131103s9999 xx 000 0 und d
020 _aSBN416082203
040 _aLoreto College
041 _aEnglish
082 _a822.09
_bTAY
100 _aTaylor, John Russell
245 4 _aThe second wave
_b British drama for the seventies
_cJohn Russell Taylor
260 _aLondon
_bMethuen
_c1971
300 _a236p.
504 _aIncludes bibliographical references
650 _aEnglish drama
850 _aLCLIB
942 _cBK
999 _c22614
_d73093